[Event "Open"]
[Site "Kavala GRE"]
[Date "2006.07.05"]
[Round "2"]
[White "Atakisi,U"]
[Black "De Firmian,N"]
[Result "1/2-1/2"]
[WhiteElo "2406"]
[BlackElo "2559"]

1.e4 c5 2.Nf3 d6 3.d4 cxd4 4.Nxd4 Nf6 5.Nc3 a6 6.Bg5 e6 7.f4 Be7 8.Qf3 Qc7
9.O-O-O Nbd7 10.Bd3 h6 11.Qh3 Nc5 12.Rhe1 Bd7 13.e5 dxe5 14.fxe5 Nd5 15.Bxe7 Nxe7
16.Qg3 O-O 17.Ne4 Rad8 18.Nxc5 Qxc5 19.Qh4 Bb5 20.Nxb5 axb5 21.a3 Rd5 22.Qb4 Qxb4
23.axb4 Nc6 24.c3 Rfd8 25.Be4 Rxd1+ 26.Rxd1 Rxd1+ 27.Kxd1 Kf8 28.Ke2 Ke7
29.Ke3 Kd7 30.Kf4 g5+ 31.Kg4 Nxe5+ 32.Kh5 b6 33.Kxh6 g4 34.Kg5 f5 35.Bc2 Ke7
36.Bd1 Nc4 37.Be2 Nxb2 38.Bxb5 Nd1 39.c4 Ne3 40.h3 g3 41.Kf4 Nxg2+ 42.Kxg3 Ne3
43.c5 bxc5 44.bxc5 e5 45.h4 Kf6 46.c6 Nd5 47.Bc4 Nc7 48.Kf3 Ne8 49.Kg3 Kg6
50.Kf3 Kf6 51.Kg3 Ke7 52.h5 Kf6 53.Kh4 Nc7 54.Bg8 Kg7 55.Kg5 Kxg8  1/2-1/2

[Event "Open"]
[Site "Kavala GRE"]
[Date "2006.07.05"]
[Round "3"]
[White "De Firmian,N"]
[Black "Kiss,Pa"]
[Result "1-0"]
[WhiteElo "2559"]
[BlackElo "2397"]

1.e4 c5 2.Nf3 Nc6 3.d4 cxd4 4.Nxd4 Nf6 5.Nc3 e5 6.Ndb5 d6 7.Bg5 a6 8.Na3 b5
9.Bxf6 gxf6 10.Nd5 f5 11.c3 Bg7 12.exf5 Bxf5 13.Nc2 Be6 14.Nce3 Ne7 15.a4 Nxd5
16.Nxd5 O-O 17.Be2 bxa4 18.Rxa4 a5 19.O-O Kh8 20.Bc4 Rc8 21.Qe2 Rc5 22.Rd1 Qd7
23.b3 Qb7 24.Qd2 e4 25.h3 Rg8 26.Kh1 Be5 27.Ne3 d5 28.Bxd5 Bxd5 29.Nxd5 Rd8
30.Rd4 Qxb3 31.Nf6 Bxd4 32.cxd4 Rc6 33.Qh6 Qxd1+ 34.Kh2 Rxf6 35.Qxf6+ Kg8
36.Qxd8+ Kg7 37.Qg5+ Kf8 38.Qc5+ Ke8 39.Qe5+ Kd7 40.Qd5+ Kc8 41.Qf5+ Kb7
42.Qb5+ Kc8 43.Qe8+ Kb7 44.Qxf7+ Kb6 45.Qe6+ Kb5 46.Qd5+ Kb6 47.Qc5+ Ka6
48.Qc6+ Ka7 49.Qxe4 a4 50.Qxh7+ Kb6 51.Qg6+ Kb5 52.Qf5+ Kb4 53.Qc5+ Kb3 54.d5 a3
55.Qb6+ Kc4 56.d6 a2 57.Qc7+ Kb3 58.d7 a1=Q 59.d8=Q  1-0

[Event "Open"]
[Site "Kavala GRE"]
[Date "2006.07.06"]
[Round "4"]
[White "Drazic,S"]
[Black "De Firmian,N"]
[Result "1/2-1/2"]
[WhiteElo "2514"]
[BlackElo "2559"]

1.e4 c5 2.Nf3 d6 3.c3 Nf6 4.Be2 g6 5.O-O Nbd7 6.d3 Bg7 7.Nbd2 O-O 8.Re1 b6
9.Bf1 Bb7 10.h3 Ne5 11.a4 Nxf3+ 12.Nxf3 Qc7 13.Bg5 h6 14.Be3 e5 15.Nh2 d5
16.Ng4 h5 17.Nxf6+ Bxf6 18.Qf3 Qd6 19.Bh6 Bg7 20.Bxg7 Kxg7 21.exd5 Bxd5 22.Qg3 Rfe8
23.d4 cxd4 24.cxd4 Qb4 25.Rxe5 Qxd4 26.Rxh5 Qxb2 27.Rd1 Be6 28.Qg5 Rh8 29.Rxh8 Rxh8
30.Qe7 Rh5 31.g4 Rd5 32.Re1 Rd7 33.Qg5 Rd5 34.Qf4 Qd2 35.Qxd2 Rxd2 36.Rc1 Ra2
37.Bb5 a6 38.Bxa6 Rxa4 39.Bc8 Bc4 40.Rb1 b5 41.Bd7 Ra7 42.Bc6 Rc7 43.Bg2 g5
44.Kh2 Kf6 45.Kg3 Ke5 46.Re1+ Kd4 47.f4 gxf4+ 48.Kxf4 b4 49.Be4 b3 50.h4 Re7
51.Rd1+ Kc3 52.Rc1+ Kb4 53.h5 b2 54.Rh1 Kc3 55.h6 Rxe4+ 56.Kxe4 Bd3+ 57.Ke5 b1=Q
58.Rxb1 Bxb1 59.Kf6 Bg6 60.g5 Kd4  1/2-1/2

[Event "Open"]
[Site "Kavala GRE"]
[Date "2006.07.07"]
[Round "5"]
[White "De Firmian,N"]
[Black "Szuhanek,R"]
[Result "1/2-1/2"]
[WhiteElo "2559"]
[BlackElo "2452"]

1.e4 c5 2.Nf3 d6 3.d4 cxd4 4.Nxd4 Nf6 5.Nc3 a6 6.a4 e5 7.Nf3 Qc7 8.Bg5 Nbd7
9.Nd2 h6 10.Be3 Nc5 11.f3 Be6 12.Nc4 Rd8 13.Nd5 Nxd5 14.exd5 Bf5 15.a5 Be7
16.Qd2 O-O 17.b4 Nd7 18.Bd3 Bxd3 19.cxd3 Bh4+ 20.g3 Bg5 21.Bxg5 hxg5 22.h4 g4
23.fxg4 Nf6 24.Ne3 Qd7 25.Qd1 Qb5 26.Qb3 e4 27.O-O exd3 28.Rad1 Rfe8 29.Rxd3 Re4
30.g5 Rxb4 31.Qd1 Nd7 32.Rd4 Rxd4 33.Qxd4 Ne5 34.Qc3 g6 35.Kg2 Qa4 36.Rf4 Qa2+
37.Rf2 Qa4 38.Rf4 Qa2+ 39.Rf2  1/2-1/2

[Event "Open"]
[Site "Kavala GRE"]
[Date "2006.07.10"]
[Round "8"]
[White "De Firmian,N"]
[Black "Kapnisis,S"]
[Result "1-0"]
[WhiteElo "2559"]
[BlackElo "2419"]

1.e4 c5 2.Nf3 Nc6 3.d4 cxd4 4.Nxd4 Nf6 5.Nc3 e5 6.Ndb5 d6 7.Bg5 a6 8.Na3 b5
9.Bxf6 gxf6 10.Nd5 f5 11.c3 Bg7 12.exf5 Bxf5 13.Nc2 O-O 14.Nce3 Bd7 15.Bd3 f5
16.Bc2 e4 17.Nf4 Be5 18.Ned5 Ne7 19.Qd2 Kh8 20.Bb3 a5 21.a3 Rc8 22.Rd1 Kg7
23.O-O Nxd5 24.Nxd5 Be6 25.f4 exf3 26.Rxf3 f4 27.Rdf1 Bxd5 28.Bxd5 b4 29.axb4 axb4
30.c4 Qb6+ 31.Kh1 Qd4 32.Qxb4 Qxb2 33.Rb3 Qe2 34.Re1 Qf2 35.Rf3 Qa7 36.Qb1 Rb8
37.Qd1 Rf6 38.Rh3 h6 39.Rh4 Rg6 40.Rg4 Qe7 41.Rxg6+ Kxg6 42.Qg4+ Kh7 43.Qxf4 Bxf4
44.Rxe7+ Kg6 45.g3 Be5 46.Re6+ Kg7 47.Be4 Rc8 48.Bd3 h5 49.Rg6+ Kf7 50.Rg5 Rh8
51.Rf5+ Ke6 52.Rf3 Ke7 53.Bf5 Kf6 54.Kg2 Rb8 55.Kh3 Rb2 56.Be4+ Kg7 57.Bd5 Bd4
58.Rf5 Kg6 59.Be4 Kh6 60.Bf3 Bg1 61.Rxh5+ Kg6 62.Kg4 Rxh2 63.Be4+ Kf6 64.Rf5+ Kg7
65.Rg5+ Kf7 66.Bd5+ Kf6 67.Rf5+ Kg6 68.Rf8 Bd4 69.Rg8+ Bg7 70.Re8 Rf2 71.Bf3 Kf7
72.Re3 Rd2 73.Bd5+ Kf8 74.Kg5 Rf2 75.Re6 Be5 76.g4 Rf7 77.Rxe5 Rg7+ 78.Kf6 dxe5
79.g5 Re7 80.Be4 Rc7 81.g6 Ra7 82.c5 Rc7 83.c6 Re7 84.Bf5  1-0

[Event "Millennium Festival"]
[Site "Virginia Beach USA"]
[Date "2007.03.02"]
[Round "1"]
[White "De Firmian,N"]
[Black "Balasubramanian,A"]
[Result "1-0"]
[WhiteElo "2539"]
[BlackElo "1928"]

1.e4 c5 2.Nf3 Nc6 3.d4 cxd4 4.Nxd4 Nf6 5.Nc3 e5 6.Ndb5 d6 7.Bg5 a6 8.Na3 b5
9.Bxf6 gxf6 10.Nd5 Bg7 11.c3 f5 12.exf5 Bxf5 13.Nc2 O-O 14.Nce3 Be6 15.Bd3 f5
16.O-O Ne7 17.Nxe7+ Qxe7 18.Bxf5 Kh8 19.Bxe6 Qxe6 20.Qd5 Qg6 21.Rad1 Rad8
22.Qc6 e4 23.Qxa6 Rf3 24.Qxb5 Rg8 25.g3 Be5 26.Qe2 h5 27.Ng2 Qg4 28.Rfe1 Rgf8
29.Qxe4 Qh3 30.Re2 R8f7 31.Nh4 R3f6 32.Ng6+ Kg7 33.Nxe5 dxe5 34.Qxe5 h4 35.Rd6 Qg4
36.Re4 Qxe4 37.Qxe4 Rxd6 38.Qxh4 Rdf6 39.Qd4 Kg8 40.b4 Rg6 41.a4 Rff6 42.a5 Rd6
43.Qc4+ Kf8 44.b5 Rd1+ 45.Kg2 Rgd6 46.b6 Rb1 47.b7 Rd8 48.Qf4+  1-0

[Event "Millennium Festival"]
[Site "Virginia Beach USA"]
[Date "2007.03.03"]
[Round "3"]
[White "De Firmian,N"]
[Black "Ehlvest,J"]
[Result "1/2-1/2"]
[WhiteElo "2539"]
[BlackElo "2610"]

1.e4 c5 2.Nf3 e6 3.d4 cxd4 4.Nxd4 a6 5.Nc3 Qc7 6.Bd3 Nf6 7.O-O Qc5 8.Nb3 Qc7
9.f4 d6 10.Be2 Nc6 11.Qd2 b5 12.a4 b4 13.Nd1 a5 14.e5 Ne4  1/2-1/2

[Event "Millennium Festival"]
[Site "Virginia Beach USA"]
[Date "2007.03.04"]
[Round "4"]
[White "De Firmian,N"]
[Black "Shabalov,A"]
[Result "0-1"]
[WhiteElo "2539"]
[BlackElo "2602"]

1.e4 c5 2.Nf3 Nc6 3.d4 cxd4 4.Nxd4 Nf6 5.Nc3 e5 6.Ndb5 d6 7.Bg5 a6 8.Na3 b5
9.Bxf6 gxf6 10.Nd5 f5 11.c3 Bg7 12.exf5 Bxf5 13.Nc2 O-O 14.Nce3 Be6 15.Bd3 f5
16.O-O e4 17.Nf4 Bf7 18.Bc2 Be5 19.Nh3 Kh8 20.f4 Bf6 21.Nxf5 d5 22.Nh6 Be8
23.Ng5 Ne7 24.Qe1 Qb6+ 25.Kh1 Bg7 26.Ng4 h6 27.Nxe4 dxe4 28.Bxe4 Rc8 29.f5 Ng8
30.Qh4 Nf6 31.Nxf6 Qxf6 32.Qg3 Bf7 33.a3 Rc4 34.Rae1 Qg5 35.Qf3 Bf6 36.Bd5 Bxd5
37.Qxd5 Rh4 38.Qf3 Rg8 39.g3 Rg4 40.Re6 h5 41.Rxa6 h4 42.Ra8 hxg3 43.Rg1 g2+
44.Qxg2 Rxg2 45.Rxg8+ Qxg8  0-1

[Event "Millennium Festival"]
[Site "Virginia Beach USA"]
[Date "2007.03.04"]
[Round "5"]
[White "Fedorowicz,J"]
[Black "De Firmian,N"]
[Result "1/2-1/2"]
[WhiteElo "2469"]
[BlackElo "2539"]

1.c4 c5 2.Nc3 Nc6 3.g3 g6 4.Bg2 Bg7 5.e3 e6 6.Nge2 Nge7 7.O-O O-O 8.d4 cxd4
9.Nxd4 Nxd4 10.exd4 d5 11.cxd5 Nxd5 12.Nxd5 exd5  1/2-1/2

[Event "29th Politiken Cup"]
[Site "Copenhagen DEN"]
[Date "2007.07.21"]
[Round "1"]
[White "De Firmian,N"]
[Black "Andersen,Dani"]
[Result "1-0"]
[WhiteElo "2540"]
[BlackElo "1997"]

1.e4 e6 2.d4 d5 3.Nc3 Nf6 4.Bg5 Bb4 5.e5 h6 6.Bd2 Bxc3 7.bxc3 Ne4 8.Qg4 g6
9.Bd3 Nxd2 10.Kxd2 c5 11.Nf3 Bd7 12.dxc5 Bc6 13.Nd4 Nd7 14.Bxg6 Qg5+ 15.Qxg5 hxg5
16.Bd3 Nxe5 17.f3 Nd7 18.c4 Nxc5 19.Ke3 dxc4 20.Bxc4 O-O-O 21.Nxc6 bxc6 22.h3 Rh4
23.Be2 f5 24.Rhd1 f4+ 25.Kf2 Rhh8 26.Ke1 Kc7 27.Bc4 e5 28.Ke2 Rhe8 29.Bf7 Rxd1
30.Rxd1 Re7 31.Bg6 e4 32.fxe4 Nxe4 33.Kf3 Nf6 34.Rd3 Rd7 35.h4 Rg7 36.h5 Rg8
37.Rd1 Rh8 38.Rh1 Rh6 39.a3 Kd6 40.g3 fxg3 41.Kxg3 Ke5 42.Kf3 Kd4 43.Ke2 Kd5
44.Kf2 Ke5 45.Ke3 Kd6 46.Kd4 c5+ 47.Ke3 Kc6 48.Ke2 Kd6 49.Kd2 Kc6 50.Rh3 Kd6
51.Rh1 Ke5 52.Ke3 Kd6 53.Kf2 Ke5 54.Kg2 Kd4 55.Rh3 Ke5 56.Rh2 Kf4 57.Kg1 Ke5
58.Rg2 Nxh5 59.Rxg5+ Kf6 60.Rxh5 Rxg6+ 61.Kf2 Rg4 62.Rxc5 Ra4 63.Rc3 Ke5
64.Ke3 Kd5 65.Kd2 Kd4 66.Rh3 Kc5 67.Kc1 Rg4 68.Kb2 Rf4 69.Kb3 Rg4 70.c3 Rf4
71.Rh6 Rf7 72.Rh5+ Kb6 73.a4 Rf4 74.Rb5+ Kc6 75.Rb8 Rf1 76.Rh8 Rb1+ 77.Kc4 Rg1
78.Rh6+ Kc7 79.a5 Rg4+ 80.Kb5 Rg5+ 81.Kb4 Rg4+ 82.c4 Rg1 83.Rh7+ Kb8 84.Kb5 Rg5+
85.c5 Rg6 86.a6 Rg1 87.Rb7+ Ka8 88.Re7 Kb8 89.Kc6 Rg6+ 90.Kd7 Rg8 91.c6 Rc8
92.Re5 Rc7+ 93.Kd6  1-0

[Event "29th Politiken Cup"]
[Site "Copenhagen DEN"]
[Date "2007.07.22"]
[Round "2"]
[White "Nielsen,JM"]
[Black "De Firmian,N"]
[Result "0-1"]
[WhiteElo "2176"]
[BlackElo "2540"]

1.e4 c5 2.Nf3 d6 3.d4 cxd4 4.Nxd4 Nf6 5.Nc3 a6 6.Be3 e5 7.Nb3 Be6 8.f3 Be7
9.Qd2 h5 10.Be2 Nbd7 11.O-O-O Rc8 12.Kb1 Qc7 13.g4 hxg4 14.fxg4 Nxg4 15.Bxg4 Bxg4
16.Nd5 Qc4 17.Nxe7 Kxe7 18.Qxd6+ Ke8 19.Rd2 Qxe4 20.Re1 Rc6 21.Qa3 Be6 22.Qa5 f6
23.Bf2 Qc4 24.Nc5 Rxc5 25.Bxc5 Qxc5  0-1

[Event "29th Politiken Cup"]
[Site "Copenhagen DEN"]
[Date "2007.07.22"]
[Round "3"]
[White "De Firmian,N"]
[Black "Kjartansson,G"]
[Result "1-0"]
[WhiteElo "2540"]
[BlackElo "2306"]

1.e4 e5 2.Nf3 Nc6 3.Bb5 a6 4.Ba4 Nf6 5.O-O Be7 6.Re1 b5 7.Bb3 d6 8.c3 O-O
9.h3 Na5 10.Bc2 c5 11.d4 Nd7 12.Nbd2 exd4 13.cxd4 Nc6 14.a4 Bb7 15.d5 Nb4
16.Bb1 Re8 17.Ra3 Bf6 18.Nh2 g6 19.Ng4 Bg7 20.Nf3 h5 21.Nh6+ Kf8 22.Qd2 Nf6
23.Qf4 Qe7 24.Bd2 Ng8 25.Nxg8 Kxg8 26.Bc3 bxa4 27.Rxa4 a5 28.Qd2 Qd8 29.Ra3 Ra7
30.Bd3 Bc8 31.Bb5 Bd7 32.Bc4 Rb7 33.Bxg7 Kxg7 34.e5 dxe5 35.Nxe5 Qf6 36.Rae3 Bf5
37.Ng4 hxg4 38.Rxe8 Bd7 39.R8e7 gxh3 40.d6 Bc6 41.Bxf7  1-0

[Event "29th Politiken Cup"]
[Site "Copenhagen DEN"]
[Date "2007.07.23"]
[Round "4"]
[White "Zude,E"]
[Black "De Firmian,N"]
[Result "1/2-1/2"]
[WhiteElo "2399"]
[BlackElo "2540"]

1.d4 Nf6 2.c4 e6 3.Nc3 Bb4 4.e3 b6 5.f3 O-O 6.e4 d6 7.Ne2 c5 8.a3 Bxc3+ 9.bxc3 Nc6
10.Ng3 Ba6 11.Bd3 cxd4 12.cxd4 Nxd4 13.Bb2 Nc6 14.f4 Na5 15.Qe2 Rc8 16.e5 dxe5
17.fxe5 Nd7 18.Rd1 Qh4 19.Bb1 Bxc4 20.Qe3 Rfd8 21.Rd4 Qh6 22.Qxh6 gxh6 23.Ne4 Kf8
24.Nd6 Rc5 25.Rd2 Ba6 26.a4 Nb3 27.Rd1 Nxe5 28.Ba3 Kg8 29.Bxc5 Nxc5 30.Nb5 Rxd1+
31.Kxd1 Nxa4 32.Nxa7 Kg7 33.Re1 f6 34.Re3 Nc5 35.Rg3+ Kf7 36.Bxh7 f5 37.Bg8+ Kf6
38.h3 h5 39.Bh7 h4 40.Rg8 Kf7 41.Rb8 Ncd7 42.Rd8 Nf6 43.Bxf5 exf5 44.Ke1 b5
45.Rd6 Bb7 46.Kf1 Nc4 47.Nxb5 Kg6 48.Rd4 Ne3+ 49.Kg1 Nxg2 50.Nd6 Ne1 51.Kf2 Nf3
52.Rd1 Bc6 53.Ke3 Ng5 54.Rg1 Nh5 55.Nf7 Kxf7 56.Rxg5 Ng7 57.Kf4 Bd7 58.Ke5 Be6
59.Rg1 Nh5 60.Ra1 Nf6 61.Kf4 Ne4 62.Ra8 Kg6 63.Rh8 Ng5 64.Rxh4 Nf7 65.Kg3 Kf6
66.Ra4 Ke5 67.h4 Nd6 68.Ra7 f4+ 69.Kf3 Bd5+ 70.Kg4 Nf5 71.h5 f3 72.Ra1 f2
73.h6 Nxh6+  1/2-1/2

[Event "29th Politiken Cup"]
[Site "Copenhagen DEN"]
[Date "2007.07.24"]
[Round "5"]
[White "De Firmian,N"]
[Black "Ziska,H"]
[Result "1-0"]
[WhiteElo "2540"]
[BlackElo "2392"]

1.e4 c5 2.Nf3 d6 3.d4 cxd4 4.Nxd4 Nf6 5.Nc3 a6 6.a4 e5 7.Nb3 Be6 8.Bg5 Nbd7
9.Be2 Be7 10.f4 exf4 11.Bxf4 Nc5 12.Nxc5 dxc5 13.Bf3 Qa5 14.O-O c4 15.Kh1 O-O
16.e5 Rad8 17.Qe1 Ne8 18.Bxb7 Qb6 19.Be4 Qxb2 20.Rb1 Qa3 21.Rf3 Qc5 22.Be3 Qxe5
23.Bb6 Qh5 24.Bxd8 Bxd8 25.Nd5 Bxd5 26.Rf5 Qh6 27.Bxd5 Nf6 28.Bf3 Bc7 29.g3 Rd8
30.Rc5 Bd6 31.Rxc4 Qg5 32.Qc3 h5 33.Rc8 Rxc8 34.Qxc8+ Kh7 35.Qc4 Kg8 36.Rd1 Qf5
37.Qd3 Qc5 38.Qxd6 Qf2 39.Qd8+ Kh7 40.Qd3+  1-0

[Event "29th Politiken Cup"]
[Site "Copenhagen DEN"]
[Date "2007.07.25"]
[Round "6"]
[White "Sorensen,To"]
[Black "De Firmian,N"]
[Result "0-1"]
[WhiteElo "2371"]
[BlackElo "2540"]

1.Nf3 c5 2.c4 Nc6 3.Nc3 e5 4.g3 g6 5.Bg2 Bg7 6.a3 a5 7.Rb1 Nge7 8.d3 O-O
9.O-O d6 10.Bg5 f6 11.Bd2 Kh8 12.Ne1 Be6 13.Nc2 d5 14.cxd5 Nxd5 15.b4 cxb4
16.Nxd5 Bxd5 17.Bxd5 Qxd5 18.axb4 a4 19.b5 Nd4 20.Nxd4 exd4 21.Rb4 a3 22.Qb3 Qxb3
23.Rxb3 Rfc8 24.Ra1 Bf8 25.Ra2 Ra4 26.Kg2 Kg8 27.Rb1 Kf7 28.Kf1 Ke6 29.Ke1 Kd5
30.Kd1 h5 31.h3 Bd6 32.Bf4 Be7 33.Bd2 g5 34.e4+ dxe3 35.fxe3 f5 36.Ke2 Bd6
37.Kf3 h4 38.Be1 g4+ 39.Kg2 gxh3+ 40.Kxh3 hxg3 41.Kg2 Rh8 42.Kf3 Rh2 43.Rba1 Rxa2
44.Rxa2 Kc5 45.Ra1  0-1

[Event "29th Politiken Cup"]
[Site "Copenhagen DEN"]
[Date "2007.07.28"]
[Round "9"]
[White "Krasenkow,M"]
[Black "De Firmian,N"]
[Result "1/2-1/2"]
[WhiteElo "2660"]
[BlackElo "2540"]

1.d4 Nf6 2.c4 e6 3.Nf3 c5 4.d5 exd5 5.cxd5 d6 6.e4 a6 7.h3 Nbd7 8.Bd3 b5
9.O-O Be7 10.a4 Rb8 11.axb5 axb5 12.b3 O-O 13.Qe2 Re8 14.Be3 Bf8 15.Nbd2 b4
16.Ra7 Nb6 17.Rfa1 h6 18.Qd1 Re7 19.Rxe7 Qxe7 20.Qc2 Nfd7 21.Nc4 Nxc4 22.Bxc4 Nb6
23.Bd3 Qf6 24.Qd1 Ra8 25.Rxa8 Nxa8 26.Nd2 Nb6 27.Qb1 g5 28.Nc4 Nxc4 29.Bxc4 Bg7
30.Qa2 Qa1+ 31.Qxa1 Bxa1 32.f4 f6 33.Bb5 Kf7 34.Kf2 Kg6 35.f5+ Kf7 36.g4  1/2-1/2

[Event "29th Politiken Cup"]
[Site "Copenhagen DEN"]
[Date "2007.07.29"]
[Round "10"]
[White "Nielsen,PH"]
[Black "De Firmian,N"]
[Result "0-1"]
[WhiteElo "2638"]
[BlackElo "2540"]

1.d4 Nf6 2.Nf3 e6 3.c4 b6 4.g3 Bb7 5.Bg2 Be7 6.O-O O-O 7.d5 exd5 8.Nh4 c6
9.cxd5 Nxd5 10.Nf5 Nc7 11.e4 Nba6 12.Re1 Re8 13.Qg4 g6 14.Nh6+ Kg7 15.Nc3 d6
16.Qf3 f6 17.h4 Nc5 18.h5 N7e6 19.hxg6 hxg6 20.Nf5+ Kf7 21.Nh6+ Kg7 22.Nf5+ Kf7
23.b4 Nd7 24.Nh4 Bf8 25.e5 Nxe5 26.Rxe5 dxe5 27.Qg4 Ke7 28.Be3 Bg7 29.Rd1 Qc7
30.Qxg6 Rad8 31.Nf5+ Kf8 32.Rxd8 Rxd8 33.Nxg7 Nxg7 34.Qxf6+ Kg8 35.Ne4 Rd1+
36.Kh2 Qf7 37.Qh4 Nf5 38.Nf6+ Kf8 39.Qh8+ Ke7 40.Bg5 Ke6 41.Ng4 Re1 42.Be3 Qg7
43.Qe8+ Ne7 44.Qh5 Ba6 45.Bh3 Bf1 46.Bh6 Qh8 47.Nxe5+ Bxh3 48.Qxh3+ Nf5 49.Nf3 Re2
50.Ng5+ Ke7 51.Qxf5 Qxh6+ 52.Kg2 Re1 53.Nh3 Qe6 54.Qh7+ Kd8 55.Ng5 Qd5+ 56.Nf3 Re7
57.Qh8+ Kc7 58.a3 c5 59.Qc3 c4  0-1

[Event "Arctic Chess Challenge"]
[Site "Tromso NOR"]
[Date "2007.08.04"]
[Round "1"]
[White "De Firmian,N"]
[Black "Thingstad,E"]
[Result "0-1"]
[WhiteElo "2540"]
[BlackElo "1893"]

1.e4 c6 2.d4 d5 3.Nc3 dxe4 4.Nxe4 Bf5 5.Ng3 Bg6 6.h4 h6 7.Nf3 Nd7 8.h5 Bh7
9.Bd3 Bxd3 10.Qxd3 e6 11.Bf4 Qa5+ 12.Bd2 Bb4 13.c3 Be7 14.c4 Qc7 15.O-O-O Ngf6
16.Kb1 O-O 17.Ne4 c5 18.Bc3 Rfd8 19.d5 exd5 20.cxd5 Nxe4 21.Qxe4 Nf6 22.Qc4 Qd7
23.Ne5 Qf5+ 24.Ka1 Bd6 25.Rhe1 a6 26.g4 Qxf2 27.Rf1 Qg2 28.g5 b5 29.Qd3 c4
30.Qb1 Qxg5 31.Nxf7 Kxf7 32.Bxf6 gxf6 33.Qh7+ Kf8 34.Rg1 Bg3 35.d6 Qe5 36.Qxh6+ Kf7
37.Qg6+ Ke6 38.Qg4+ Kf7 39.Rxg3 Rxd6 40.Rxd6 Qxd6 41.Qg7+ Ke6 42.Re3+ Kd5
43.a3 Kc5 44.h6 Rd8 45.h7 b4 46.axb4+ Kxb4 47.h8=Q Qd1+ 48.Ka2 Qb3+  0-1

[Event "Arctic Chess Challenge"]
[Site "Tromso NOR"]
[Date "2007.08.07"]
[Round "4"]
[White "Jacobsen,M"]
[Black "De Firmian,N"]
[Result "0-1"]
[WhiteElo "1804"]
[BlackElo "2540"]

1.e4 c5 2.Nf3 d6 3.d4 cxd4 4.Nxd4 Nf6 5.Nc3 a6 6.Bg5 e6 7.f4 Be7 8.Qf3 Qc7
9.O-O-O Nbd7 10.Bd3 h6 11.Bh4 g5 12.fxg5 Ne5 13.Qe2 Nfg4 14.Nf3 hxg5 15.Bg3 Bd7
16.h3 Nxf3 17.Qxf3 Ne5 18.Bxe5 dxe5 19.Rhf1 Rh7 20.Qg3 Rc8 21.Rf3 Rh4 22.Rdf1 Rf4
23.Qf2 Qc5 24.Qe2 b5 25.g3 Rxf3 26.Qxf3 f6 27.h4 b4 28.Nd1 gxh4 29.gxh4 Bb5
30.h5 Bxd3 31.Qxd3 Qc4 32.Kb1 Kf7 33.Nf2 Qxd3 34.Nxd3 Bd6 35.Rh1 f5 36.exf5 exf5
37.Nf2 e4 38.Rh3 Rg8 39.b3 Rg1+ 40.Kb2 Be5+  0-1

[Event "Arctic Chess Challenge"]
[Site "Tromso NOR"]
[Date "2007.08.09"]
[Round "6"]
[White "Royset,J"]
[Black "De Firmian,N"]
[Result "1-0"]
[WhiteElo "2223"]
[BlackElo "2540"]

1.e4 c5 2.Nf3 d6 3.d4 cxd4 4.Nxd4 Nf6 5.Nc3 a6 6.Bc4 e6 7.Bb3 Nc6 8.Be3 Be7
9.f4 O-O 10.Qf3 Nxd4 11.Bxd4 b5 12.O-O-O Bb7 13.Rhe1 Qc7 14.f5 e5 15.Bf2 Rfc8
16.g4 b4 17.Na4 Nd7 18.h4 Bc6 19.g5 Qa5 20.Qh5 Bxa4 21.Rd5 Rxc2+ 22.Kxc2 Bxb3+
23.Kxb3 Qc7 24.Qe2 a5 25.a4 bxa3 26.bxa3 Rb8+ 27.Rb5 d5 28.exd5 Rc8 29.Qd3 e4
30.Rxe4 Ne5 31.Rxe5 a4+ 32.Ka2 Qxe5 33.Bg3 Rc3 34.Bxe5 Rxd3 35.Rb8+ Bf8 36.Bd6 h5
37.g6 fxg6 38.fxg6 Rxa3+ 39.Bxa3  1-0

[Event "Arctic Chess Challenge"]
[Site "Tromso NOR"]
[Date "2007.08.10"]
[Round "7"]
[White "Kvisla,J"]
[Black "De Firmian,N"]
[Result "1-0"]
[WhiteElo "2122"]
[BlackElo "2540"]

1.e4 c5 2.Nf3 d6 3.d4 cxd4 4.Nxd4 Nf6 5.Nc3 a6 6.Bg5 e6 7.f4 Be7 8.Qf3 Qc7
9.O-O-O Nbd7 10.g4 b5 11.Bxf6 Nxf6 12.g5 Nd7 13.f5 Nc5 14.f6 gxf6 15.gxf6 Bf8
16.Rg1 h5 17.Rg7 b4 18.Nd5 exd5 19.exd5 Nd7 20.Nc6 Bb7 21.Bh3 Bxc6 22.dxc6 Ne5
23.Bd7+ Kd8 24.Qe4 Qb6 25.Kb1 Bxg7 26.fxg7 Rg8 27.Qh4+ Kc7 28.Qe7 Qc5 29.Bc8+ Kb6
30.Qb7+ Ka5 31.Qxa8 Qxc6 32.Rd5+ Kb6 33.Qb8+  1-0

[Event "Open A"]
[Site "Gjovik NOR"]
[Date "2008.12.29"]
[Round "1"]
[White "Lohou,S"]
[Black "De Firmian,N"]
[Result "0-1"]
[WhiteElo "2132"]
[BlackElo "2545"]

1.e4 c5 2.Nf3 d6 3.d4 cxd4 4.Nxd4 Nf6 5.Nc3 a6 6.Bg5 e6 7.f4 Be7 8.Qf3 Qc7
9.O-O-O Nbd7 10.g4 b5 11.Bxf6 Nxf6 12.g5 Nd7 13.h4 b4 14.Nce2 Bb7 15.Ng3 Nc5
16.f5 d5 17.fxe6 O-O 18.exf7+ Rxf7 19.Ngf5 dxe4 20.Qe3 Nd3+ 21.Kb1 Bc5 22.Bh3 Nf4
23.Bg4 Raf8 24.Qg3 Bc8 25.Ne3 Qa7 26.Nc6 Qb6 27.Ne5 Bxe3 28.Nxf7 Bxg4 29.Rd6 Qb5
30.Qxg4 Rxf7 31.Rhd1 Qe5 32.h5 Rf8 33.Rd8 Bc5 34.h6 e3 35.hxg7 Kxg7 36.R1d7+ Be7
37.Rxf8 Kxf8 38.Qh4 e2 39.Qh6+ Ke8  0-1

[Event "Open A"]
[Site "Gjovik NOR"]
[Date "2008.12.31"]
[Round "3"]
[White "Savchenko,B"]
[Black "De Firmian,N"]
[Result "1/2-1/2"]
[WhiteElo "2648"]
[BlackElo "2545"]

1.e4 Nf6 2.e5 Nd5 3.d4 d6 4.Nf3 g6 5.Bc4 c6 6.Qe2 Bg7 7.O-O O-O 8.Nc3 Nxc3
9.bxc3 Bg4 10.exd6 exd6 11.h3 Re8 12.Be3 Bxf3 13.Qxf3 d5 14.Bb3 Nd7 15.a4 Nf6
16.c4 Qd7 17.cxd5 Nxd5 18.Rad1 Re6 19.Bd2 Rf6 20.Qg3 Qd6 21.Qg4 Nf4 22.Rfe1 Rd8
23.Bc1 Rf5 24.Re4 Nd5 25.Ree1 h5 26.Qg3 Qxg3 27.fxg3 Nc3 28.Rd3 Bxd4+ 29.Kh2 b5
30.Be3 c5 31.axb5 Nxb5 32.Bc4 a6 33.Ra1 Rd6 34.Ra5 Re5 35.Bf4 Re1 36.Bxd6 Nxd6
37.Rxd4 cxd4 38.Bd3 Ne4 39.Bxe4 Rxe4 40.Rxa6 Re2 41.Ra4 Rd2 42.g4 h4 43.Kg1 Kf8
44.Rc4 Ke7 45.c3 dxc3  1/2-1/2

[Event "Open A"]
[Site "Gjovik NOR"]
[Date "2009.01.06"]
[Round "8"]
[White "Tiviakov,S"]
[Black "De Firmian,N"]
[Result "1-0"]
[WhiteElo "2686"]
[BlackElo "2545"]

1.e4 Nf6 2.e5 Nd5 3.d4 d6 4.Nf3 g6 5.Bc4 c6 6.O-O Bg7 7.exd6 Qxd6 8.h3 O-O
9.Nbd2 Nd7 10.Bb3 N7f6 11.Nc4 Qc7 12.Nce5 Bf5 13.c4 Nb6 14.Bf4 Qd8 15.Qe2 Nfd7
16.Rad1 Nxe5 17.Nxe5 a5 18.g4 Bc8 19.Rfe1 a4 20.Bc2 e6 21.Bg3 Nd7 22.h4 Qb6
23.Bb1 Nf6 24.h5 c5 25.dxc5 Qxc5 26.Qf3 Ra6 27.Bh4 Ne8 28.Nd7 Bxd7 29.Rxd7 Qxc4
30.Be7 Qc6 31.Qxc6 bxc6 32.g5 Bxb2 33.Re3 Ng7 34.Bxf8 Kxf8 35.h6 Nf5 36.Bxf5 gxf5
37.Red3 Ra8 38.Rb7 Bc1 39.Rdd7 Bxg5  1-0

[Event "Bermuda Open"]
[Site "Southampton BER"]
[Date "2009.01.30"]
[Round "1"]
[White "Freeman,N"]
[Black "De Firmian,N"]
[Result "0-1"]
[WhiteElo "1780"]
[BlackElo "2545"]

1.d4 Nf6 2.c4 e6 3.Nc3 Bb4 4.Qc2 c5 5.Nf3 cxd4 6.Nxd4 Nc6 7.Nxc6 bxc6 8.Bg5 h6
9.Bh4 d5 10.cxd5 exd5 11.a3 Be7 12.e3 O-O 13.Bd3 c5 14.O-O Bb7 15.Rad1 Nh5
16.Bxe7 Qxe7 17.Be2 Nf6 18.Bf3 Rfd8 19.Rd2 Rd7 20.Rfd1 Rad8 21.Rd3 Bc6 22.R3d2 Rd6
23.Ne2 Ne4 24.Bxe4 dxe4 25.Rxd6 Rxd6 26.Rxd6 Qxd6 27.Ng3 Qd5 28.h3 f6 29.Ne2 Kh7
30.Nc3 Qc4 31.Qe2 Qxe2 32.Nxe2 g5 33.g4 h5 34.Ng3 h4 35.Nf5 Bb5 36.Nd6 Bd3
37.Nb7 c4 38.Nc5 Kg6 39.Kg2 f5 40.f3 exf3+ 41.Kxf3 Bf1 42.gxf5+ Kxf5 43.Ne4 Bg2+
44.Kxg2 Kxe4 45.Kf2 Kd3 46.a4 Kc2 47.e4 Kxb2 48.e5 c3 49.e6 c2 50.e7 c1=Q
51.e8=Q Qf4+ 52.Ke2 Qh2+ 53.Kd1 Qxh3 54.Qe5+ Qc3 55.Qxg5 Qc2+ 56.Ke1 Qc1+
57.Qxc1+ Kxc1 58.a5 Kc2 59.a6 Kc3 60.Kf2 Kc4 61.Kg2 Kb5 62.Kh3 Kxa6 63.Kxh4 Kb5
64.Kg3 a5  0-1

[Event "World Open"]
[Site "Philadelphia USA"]
[Date "2009.07.03"]
[Round "4"]
[White "De Firmian,N"]
[Black "Rensch,D"]
[Result "1-0"]
[WhiteElo "2552"]
[BlackElo "2399"]

1.e4 c5 2.Nf3 d6 3.d4 cxd4 4.Nxd4 Nf6 5.Nc3 a6 6.a4 e5 7.Nb3 Be7 8.Be2 O-O
9.O-O Be6 10.f4 exf4 11.Bxf4 Nc6 12.Kh1 Rc8 13.Qe1 Kh8 14.Rd1 Qb6 15.Bxd6 Bxd6
16.Rxd6 Qb4 17.Qd2 Bxb3 18.cxb3 Nxe4 19.Nxe4 Qxe4 20.Bf3 Qh4 21.g3 Qh3 22.Bg2 Qh5
23.Rd7 Ne5 24.Rxb7 Rfd8 25.Qa5 Rd1 26.Rxf7 Qxf7 27.Rxd1 Nd3 28.Qxa6 Nf2+
29.Kg1 Rf8 30.Rf1  1-0

[Event "Philadelphia Open"]
[Site "Philadelphia USA"]
[Date "2010.04.03"]
[Round "7"]
[White "Bartholomew,J"]
[Black "De Firmian,N"]
[Result "0-1"]
[WhiteElo "2447"]
[BlackElo "2557"]

1.d4 Nf6 2.c4 e6 3.Nc3 Bb4 4.e3 b6 5.Bd3 Bb7 6.Nf3 O-O 7.O-O c5 8.Na4 cxd4
9.exd4 Be7 10.Bf4 d6 11.a3 Nbd7 12.Nc3 d5 13.Re1 dxc4 14.Bxc4 Rc8 15.Bb3 Nb8
16.Rc1 Nc6 17.d5 exd5 18.Nxd5 Nxd5 19.Bxd5 Bf6 20.Rb1 Qd7 21.Be4 Qg4 22.Bg3 Rfd8
23.h3 Qh5 24.Qe2 g6 25.b4 Re8 26.Qd3 Rcd8 27.Qc2 Rc8 28.Qd3 Red8 29.Qe2 Nd4
30.Nxd4 Qxe2 31.Rxe2 Bxe4 32.Rxe4 Rxd4 33.Re3 Rd2 34.Be5 Bxe5 35.Rxe5 Rc3
36.a4 Rcc2 37.Rf1 Rd4 38.Re8+ Kg7 39.Re7 a5 40.bxa5 bxa5 41.Re3 Rxa4 42.Rf3 h5
43.g3 Rc7 44.Rd1 Ra2 45.Rd6 Ra7 46.h4 a4 47.Kg2 a3 48.Rdd3 Ra1 49.Rb3 Kh6
50.Rfe3 Kg7 51.Red3 Ra5 52.Rdc3 Ra2 53.Rf3 Ra6 54.Rbc3 Ra1 55.Rfd3 Ra7 56.Rb3 f6
57.Rdc3 Kh6 58.Rd3 Ra6 59.Rdc3 g5 60.Rd3 g4 61.Rdc3 Kg6 62.Rd3 a2 63.Ra3 Rc6
64.Rd2 Rcc1  0-1

[Event "Philadelphia Open"]
[Site "Philadelphia USA"]
[Date "2010.04.04"]
[Round "8"]
[White "De Firmian,N"]
[Black "Kudrin,S"]
[Result "1/2-1/2"]
[WhiteElo "2557"]
[BlackElo "2556"]

1.e4 c5 2.Nf3 d6 3.d4 cxd4 4.Nxd4 Nf6 5.Nc3 g6 6.Be3 a6 7.Be2 Bg7 8.a4 Nc6
9.O-O O-O 10.f4 Bd7 11.Nb3 b5 12.axb5 axb5 13.Rxa8 Qxa8 14.Bxb5 Ng4 15.Bxc6 Nxe3
16.Bxa8 Nxd1 17.Rxd1 Rxa8 18.Kf2 Rb8 19.Ke3 Be6 20.Kd3 f5 21.exf5 gxf5 22.g3 Kf7
23.Nd4 Rxb2 24.Nxe6 Kxe6 25.Re1+ Kf7 26.Ra1 Rb4 27.Ra7 Rd4+ 28.Ke2 Ke6  1/2-1/2